000 00556nam 22001813 4500
001 201758
021 _aPT
_b3552
090 _a201758
100 _a20260414d u||y0pory50 ba
200 _aIntrodução à leitura do «Frei Luís de Sousa» : seguida do texto
_fJ. D. Marques Mendes
210 _aCoimbra
_cAlmedina
_d1983
215 _a199 p.
_cbrochado
_d21 cm
606 _93661
_aCrítica Literária.Estudos Literários
675 _a82.09
_vPT
_zpor
700 _917112
_aMendes
_bJoão Daniel Marques
801 _aPT
_bBMMN
_gRPC
830 _cVanda
990 _cLIVROS